000 00258nam a2200097Ia 4500
008 240331s9999 xx 000 0 und d
082 _bNEW
100 _aMcHenry, R. ed
245 4 _aThe new encyclopaedia Britannica :
_bpropaedia outline of knowledge
942 _cL
999 _c3278
_d3278